000 00762nam a2200265Ia 4500
003 OSt
005 20220926034054.0
006 a|||||r|||| 00| 0
007 ta
008 220923b |||||||| |||| 00| 0 eng d
020 _a0815751778
037 _cGeneral Book
040 _aRTL
_cRTL
_beng
041 _2eng
_aeng
082 _aX:533.73.N8, M6
100 _aLawrence Robert Z
_9340026
245 0 _aSaving free trade
_bA paragmatic approach
260 _aWashington
_bBrooking Institutions
_c1986
300 _axii,132p
_ccm.
650 _a Free Trade
650 _aEconomics
700 _a Litan Robert E
_9253922
942 _hX:533.73.N8, M6
_cGB
_2CC
999 _c658689
_d658689